000
00282nam a2200133Ia 4500
100
_a
Deshpande/G.B. & S.G.
942
_c
RB
654
_a
fluid
245
_a
Textbook of fluid mechanics
260
_b
Everest Pub
_c
1998
082
_a
532
_b
DES
300
_a
638
546
_a
ENGLISH
999
_c
23284
_d
23284